Los test mentales /

Guardado en:
Autor Principal: Pichot, Pierre
Formato: Libro
Publicado: Buenos Aires : Paidos, 1960
Materias:
Etiquetas: Agregar Etiqueta
Sin Etiquetas, Sea el primero en etiquetar este registro!
LEADER 01079nam a22002175a 4500
001 CEM.cems005050
005 20060217000000.0
008 130507s1960##################000#0#####d
003 CEMS
082 0 4 |a 151.2 
100 1 |a Pichot, Pierre 
245 1 0 |a Los test mentales / 
260 |a Buenos Aires :  |b Paidos,  |c 1960 
300 |a 190 p. 
505 0 |a Fundamentos de la clinica psiquiatrica de la pubertad y de la adolescencia; Trastornos del comportamiento y la delincuencia; Trastornos en relación con un proceso organico aparente o reconocido; Desarrollo corporal y su integración en el adolescente; Desarrollo psicosexual del adolescente y las concepciónes psicoanaliticas; Integración social del adolescente; El adolescente y la familia; Terapeutica; BIBLIOGRAFIA: pp.129-139. 
653 |a Inteligencia-tests 
653 |a Personalidad-test 
653 |a Test mentales 
859 |a CEMS  |b BIB. CEMS - 11 de abril  |h 151.2  |i P583  |p 2016.74  |t Ej.3 
859 |a CEMS  |b BIB. CEMS - 11 de abril  |h 151.2  |i P583  |p 402.73  |t Ej.1 
859 |a CEMS  |b BIB. CEMS - 11 de abril  |h 151.2  |i P583  |p 476.73  |t Ej.2